<?xml version="1.0" encoding="UTF-8"?>
<resp>
  <nextPage>https://data.bn.org.pl/api/networks/bibs.marcxml?marc=001+b00001150003198&amp;sinceId=1150003199</nextPage>
  <collection>
    <record xmlns='http://www.loc.gov/MARC21/slim'><leader>01434namZa2200385ZiZ4500</leader><controlfield tag='001'>b00001150003198</controlfield><controlfield tag='005'>20260402111628.2</controlfield><controlfield tag='008'>230609s        pl           |000 0 pol c</controlfield><controlfield tag='009'>9913261721005606</controlfield><datafield ind1=' ' ind2=' ' tag='020'><subfield code='a'>9788302100901</subfield></datafield><datafield ind1=' ' ind2=' ' tag='035'><subfield code='a'>KR_1KR_1_20120317233521015605-48omnis_kr</subfield></datafield><datafield ind1=' ' ind2=' ' tag='035'><subfield code='a'>KR_1_20120317233521015605</subfield><subfield code='9'>ExL</subfield></datafield><datafield ind1=' ' ind2=' ' tag='035'><subfield code='a'>(PL)b00001150003198</subfield></datafield><datafield ind1=' ' ind2=' ' tag='040'><subfield code='a'>KR_1</subfield><subfield code='c'>KR_1</subfield><subfield code='d'>WA N</subfield></datafield><datafield ind1='0' ind2=' ' tag='041'><subfield code='a'>pol</subfield></datafield><datafield ind1=' ' ind2=' ' tag='080'><subfield code='a'>72/75.03(091)(075.3)</subfield></datafield><datafield ind1='1' ind2=' ' tag='100'><subfield code='a'>Osińska, Barbara</subfield></datafield><datafield ind1='1' ind2='0' tag='245'><subfield code='a'>Sztuka i czas.</subfield><subfield code='n'>[T. 4],</subfield><subfield code='p'>XX wiek /</subfield><subfield code='c'>Barbara Osińska.</subfield></datafield><datafield ind1='3' ind2='0' tag='246'><subfield code='a'>XX wiek</subfield></datafield><datafield ind1=' ' ind2=' ' tag='260'><subfield code='a'>W-wa :</subfield><subfield code='b'>Wydawnictwa Szkolne i Pedagogiczne,</subfield><subfield code='c'>2005.</subfield></datafield><datafield ind1=' ' ind2=' ' tag='300'><subfield code='a'>168 s. :</subfield><subfield code='b'>il. (gł. kolor.), faks., fot., pl., portr., rys. ;</subfield><subfield code='c'>31 cm.</subfield></datafield><datafield ind1=' ' ind2=' ' tag='500'><subfield code='a'>n</subfield></datafield><datafield ind1=' ' ind2=' ' tag='504'><subfield code='a'>Bibliogr. przy rozdz. - Indeks.</subfield></datafield><datafield ind1='8' ind2=' ' tag='521'><subfield code='a'>Podręcznik adresowany do uczniów liceów ogólnokształcących, liceów plastycznych i różnego typu szkół artystycznych (lub szkół o profilu artystycznym).</subfield></datafield><datafield ind1=' ' ind2='9' tag='650'><subfield code='a'>Sztuka</subfield><subfield code='v'>podręcznik dla szkół ponadgimnazjalnych</subfield></datafield><datafield ind1='1' ind2=' ' tag='700'><subfield code='a'>Stopczyk, Stanisław Krzysztof.</subfield><subfield code='e'>Aut.</subfield></datafield><datafield ind1=' ' ind2=' ' tag='852'><subfield code='b'>48OMNIS_NETWORK</subfield><subfield code='8'>9913261721005606</subfield></datafield><datafield ind1=' ' ind2=' ' tag='852'><subfield code='b'>48OMNIS_WIE</subfield><subfield code='8'>991000040419707773</subfield></datafield><datafield ind1=' ' ind2=' ' tag='852'><subfield code='8'>226751920007773</subfield><subfield code='j'>1</subfield><subfield code='b'>WIE_1_BG</subfield><subfield code='p'>550117905000</subfield><subfield code='c'>3</subfield></datafield><datafield ind1=' ' ind2=' ' tag='920'><subfield code='a'>978-83-02-10090-1</subfield></datafield></record>
  </collection>
</resp>
